000 00655nam a22002417a 4500
003 UA-OsUOA
001 29738
007 ta
008 20041026b un ||||| |||| 00| 0 ukr d
100 _aШубравський В.Є.
090 _a82.09(477)
_bШ95
942 _cBK
040 _aUA-OsUOA
_bukr
_cUA-OsUOA
_dUA-OsUOA
245 _aШевченко і літератури народів СРСР
300 _a272 с.
955 _a0
041 _aukr
080 _a82.09(477)
260 _aКиїв
_bВидавництво Академії Наук Української РСР
_c1964
044 _aUA
650 7 _2UDC
999 _c316135
_d316135